[Event "Heraklion Gazi op"]
[Site "Heraklion"]
[Date "2006.09.05"]
[Round "6"]
[White "Papathanasiou, Dimitra"]
[Black "Keliris, Christoforos"]
[Result "1/2-1/2"]
[WhiteElo "1000"]
[BlackElo "1005"]
[PlyCount "27"]
[EventDate "2006.08.31"]
[EventType "swiss"]
[EventRounds "7"]
[EventCountry "GRE"]
[SourceTitle "EXT 2008"]
[Source "ChessBase"]
[SourceDate "2007.11.25"]
[SourceVersion "1"]
[SourceVersionDate "2007.11.25"]
[SourceQuality "1"]

1. e4 e5 2. Nf3 Nc6 3. Nc3 Nf6 4. Bb5 Bb4 5. 0-0 0-0 6. d3 d6 7. Re1 Re8 8. Bg5 Bg4 9. h3 Bh5 10. g4 Bg6 11. Kg2 a6 12. Ba4 Rf8 13. a3 Ba5 14. Qe2 1/2-1/2

[Event "Heraklion Gazi op"]
[Site "Heraklion"]
[Date "2006.09.04"]
[Round "5"]
[White "Keliris, Christoforos"]
[Black "Eleftherakis, Panagiotis"]
[Result "0-1"]
[WhiteElo "1005"]
[BlackElo "1010"]
[PlyCount "41"]
[EventDate "2006.08.31"]
[EventType "swiss"]
[EventRounds "7"]
[EventCountry "GRE"]
[SourceTitle "EXT 2008"]
[Source "ChessBase"]
[SourceDate "2007.11.25"]
[SourceVersion "1"]
[SourceVersionDate "2007.11.25"]
[SourceQuality "1"]

1. e4 e6 2. Qf3 d5 3. exd5 Qxd5 4. Qe3 Bc5 5. Qg3 Qf5 6. Nf3 Qxc2 7. Nc3 Qg6 8. Qxc7 Nc6 9. g3 Bb6 10. Qd6 e5 11. Qd5 Qe6 12. Qe4 Nf6 13. Qd3 e4 14. Nxe4 Qxe4+ 15. Qxe4+ Nxe4 16. Bc4 Nd4 17. 0-0 Nxf3+ 18. Kg2 Nfg5 19. a4 Bh3+ 20. Kh1 Bxf1 21. Bxf1 0-1

[Event "Heraklion Gazi op"]
[Site "Heraklion"]
[Date "2006.08.31"]
[Round "1"]
[White "Keliris, Christoforos"]
[Black "Eleftherakis, Stavros"]
[Result "0-1"]
[WhiteElo "1005"]
[BlackElo "1360"]
[PlyCount "66"]
[EventDate "2006.08.31"]
[EventType "swiss"]
[EventRounds "7"]
[EventCountry "GRE"]
[SourceTitle "EXT 2008"]
[Source "ChessBase"]
[SourceDate "2007.11.25"]
[SourceVersion "1"]
[SourceVersionDate "2007.11.25"]
[SourceQuality "1"]

1. e3 d5 2. Nf3 Bg4 3. Be2 Nf6 4. b3 e6 5. Bb2 Bd6 6. Nc3 a6 7. Bd3 e5 8. e4 c6 9. 0-0 d4 10. Nb1 Qe7 11. Qe1 Bxf3 12. gxf3 Nh5 13. Kh1 Nd7 14. Rg1 0-0-0 15. c3 Nf4 16. Bc4 dxc3 17. Bxc3 Qf6 18. Qf1 Nb8 19. a3 Bc5 20. Ra2 g5 21. a4 h5 22. d3 b5 23. axb5 axb5 24. d4 exd4 25. Bd2 bxc4 26. bxc4 d3 27. Bc3 Bd4 28. Ra3 Ne2 29. Qh3+ g4 30. fxg4 Nxg1 31. g5+ Nxh3 32. Bd2 Qxf2 33. Be1 Qg1# 0-1